Datum a čas kvízu
34
Celkem bodů
Celkový počet nahraných bodů na tomto kvízu bez doplňovacích otázek.
6.
Pořadí na kvízu
Konečné umístění týmu na tomto kvízu.
Zaznamenané odpovědi
| # | Otázka | Odpověď | Body | Výsledky |
|---|---|---|---|---|
| 1. | Od minulého čtvrtka až do 23.... | Kosmova kronika | 1 | |
| 2. | Donald Trump a technika se na... | eskalátor | 0 | |
| 3. | Menší studio Voodoo Kollektiv... | Jiří Kára | 0 | |
| 4. | Na jedné technické univerzitě... | Ostrava | 1 | |
| 5. | Jak se jmenuje nový držitel pr... | Ousmane Dembélé | 0 | |
| 6. | Gesto, které vidíme na obrázku... | 1B 2C 3A 4D | 0 | |
| 7. | Gesto na obrázku znamená v mno... | o stoletou válku | 1 | |
| 8. | Sheldon Cooper v Teorii velkéh... | Spocka a tapíra (ještěra) | 0 | |
| 9. | Která dvě písmena české dvouru... | CH, R | 0.5 | |
| 10. | Na výřezu z obrazu francouzské... | paroháč (že je mu žena nevěrná) | 1 |